Quantitative chemical analysis. (6th ed.) (Record no. 79909)

MARC details
000 -LEADER
fixed length control field 01293nam a2200229 a 4500
008 - FIXED-LENGTH DATA ELEMENTS--GENERAL INFORMATION
fixed length control field 120416s2003 ||||||||||||||||| || u
020 ## - INTERNATIONAL STANDARD BOOK NUMBER
International Standard Book Number 0716744643
050 ## - LIBRARY OF CONGRESS CALL NUMBER
Classification number QD 101.2 Har
100 ## - MAIN ENTRY--PERSONAL NAME
Personal name Harris, Daniel C
245 10 - TITLE STATEMENT
Title Quantitative chemical analysis. (6th ed.)
250 ## - EDITION STATEMENT
Edition statement 6th ed.
260 ## - PUBLICATION, DISTRIBUTION, ETC.
Place of publication, distribution, etc. New York:
Name of publisher, distributor, etc. W.H. Freeman
Date of publication, distribution, etc. 2003
300 ## - PHYSICAL DESCRIPTION
Extent xvi, 744p., variant paging : ill.
350 ## -
-- 0.00
650 #0 - SUBJECT ADDED ENTRY--TOPICAL TERM
Topical term or geographic name entry element CHEMISTRY--HANDBOOKS, MANUALS, ETC
650 ## - SUBJECT ADDED ENTRY--TOPICAL TERM
Topical term or geographic name entry element CHEMISTRY, ANALYTIC--QUANTITATIVE
995 ## -
-- MAIN LIBRARY OPEN ACCESS
-- 0.00
-- 736735
-- CBU-MAIN LIBRARY (Kitwe)
-- 2
-- 55.00
-- QD 101.2 Har
-- 2
-- AVAILABLE
-- 40081
-- Main Library Open Access Collection
995 ## -
-- MAIN LIBRARY OPEN ACCESS
-- 0.00
-- 736734
-- CBU-MAIN LIBRARY (Kitwe)
-- 5
-- 55.00
-- QD 101.2 Har
-- 5
-- AVAILABLE
-- 40085
-- Main Library Open Access Collection
995 ## -
-- BINDERY (DAMAGED)
-- 0.00
-- 736733
-- CBU-MAIN LIBRARY (Kitwe)
-- 1
-- 55.00
-- QD 101.2 Har
-- 1
-- DAMAGED
-- 40083
-- Main Library Open Access Collection
995 ## -
-- BINDERY (DAMAGED)
-- 0.00
-- 736732
-- CBU-MAIN LIBRARY (Kitwe)
-- 3
-- 55.00
-- QD 101.2 Har
-- 3
-- DAMAGED
-- 40084
-- Main Library Open Access Collection
995 ## -
-- ANNEX COLLECTION (Main Library)
-- 0.00
-- 736731
-- CBU-MAIN LIBRARY (Kitwe)
-- 4
-- 55.00
-- QD 101.2 Har
-- 4
-- AVAILABLE
-- 40086
-- Annex Low-Usage Collection
999 ## -
-- 79909
-- 79909
Holdings
Withdrawn status Lost status Source of classification or shelving scheme Damaged status Not for loan Permanent Location Current Location Shelving location Date acquired Total Checkouts Full call number Barcode Date last seen Copy number Price effective from Koha item type
          CBU-MAIN LIBRARY, KITWE. CBU-MAIN LIBRARY, KITWE.   06/29/2023   QD 101.2 Har 40081 06/29/2023 1 06/29/2023 MONOGRAPH
          CBU-MAIN LIBRARY, KITWE. CBU-MAIN LIBRARY, KITWE.   06/29/2023   QD 101.2 Har 40085 06/29/2023 2 06/29/2023 MONOGRAPH
          CBU-MAIN LIBRARY, KITWE. CBU-MAIN LIBRARY, KITWE.   06/29/2023   QD 101.2 Har 40083 06/29/2023 3 06/29/2023 MONOGRAPH
          CBU-MAIN LIBRARY, KITWE. CBU-MAIN LIBRARY, KITWE.   06/29/2023   QD 101.2 Har 40084 06/29/2023 4 06/29/2023 MONOGRAPH
          CBU-MAIN LIBRARY, KITWE. CBU-MAIN LIBRARY, KITWE.   06/29/2023   QD 101.2 Har 40086 06/29/2023 5 06/29/2023 MONOGRAPH